<?xml version="1.0" encoding="UTF-8"?>
<collection xmlns="http://www.loc.gov/MARC21/slim">
 <record>
  <leader>00365pamaa2200121   4500</leader>
  <controlfield tag="001">0000013969</controlfield>
  <controlfield tag="005">20081118090000.0</controlfield>
  <datafield tag="090" ind1="0" ind2="0">
   <subfield code="a">PE1128.A2 </subfield>
   <subfield code="b">LIN</subfield>
  </datafield>
  <datafield tag="245" ind1="0" ind2="0">
   <subfield code="a">LINGUAPHONE English video course  </subfield>
   <subfield code="c">Linguaphone Institute Limited.</subfield>
  </datafield>
  <datafield tag="260" ind1="0" ind2="0">
   <subfield code="a">London: </subfield>
   <subfield code="b">Linguaphone Institute Limited, </subfield>
   <subfield code="c">[?].</subfield>
  </datafield>
  <datafield tag="300" ind1=" " ind2=" ">
   <subfield code="a">Consists of 1 original video.</subfield>
  </datafield>
  <datafield tag="700" ind1="1" ind2="1">
   <subfield code="a">Linguaphone Institute Limited </subfield>
  </datafield>
 </record>
</collection>
